Droit à un procès équitable au Bénin: (Record no. 6767)

MARC details
000 -LEADER
fixed length control field 00622nam a22001937a 4500
003 - CONTROL NUMBER IDENTIFIER
control field TZ-ArACH
005 - DATE AND TIME OF LATEST TRANSACTION
control field 20220926144426.0
008 - FIXED-LENGTH DATA ELEMENTS--GENERAL INFORMATION
fixed length control field 220926b ||||| |||| 00| 0 eng d
022 ## - INTERNATIONAL STANDARD SERIAL NUMBER
Source 978-3841786302
050 ## - LIBRARY OF CONGRESS CALL NUMBER
Classification number KQJ208
Item number .H68 2012
100 ## - MAIN ENTRY--PERSONAL NAME
Personal name Hounkpe, Julien-Coomlan
245 ## - TITLE STATEMENT
Title Droit à un procès équitable au Bénin:
Remainder of title les garanties en matière non pénale
Statement of responsibility, etc Julien-Coomlan Hounkpe
260 ## - PUBLICATION, DISTRIBUTION, ETC. (IMPRINT)
Place of publication, distribution, etc Saarbrücken (Germany);
Name of publisher, distributor, etc Editions universitaires europeennes;
Date of publication, distribution, etc 2012.
300 ## - PHYSICAL DESCRIPTION
Extent 84 pages
Dimensions 22 cm
504 ## - BIBLIOGRAPHY, ETC. NOTE
Bibliography, etc Bibliographies
650 ## - SUBJECT ADDED ENTRY--TOPICAL TERM
Topical term or geographic name as entry element Benin
General subdivision Droit
650 ## - SUBJECT ADDED ENTRY--TOPICAL TERM
Topical term or geographic name as entry element Fair trial
9 (RLIN) 2095
942 ## - ADDED ENTRY ELEMENTS (KOHA)
Source of classification or shelving scheme Library of Congress Classification
Koha item type Books
Holdings
Home library Current library Date acquired Full call number Barcode Koha item type
African Court on Human and Peoples' Rights Library African Court on Human and Peoples' Rights Library 26/09/2022 KQJ208 .H68 2012 10193375 Books
African Court on Human and Peoples' Rights Library African Court on Human and Peoples' Rights Library 26/09/2022 KQJ208 .H68 2012 10193367 Books

African Court on Human and Peoples' Rights | For Inquiries Contact » +255 272 510 510